000 00587nam a2200229Ia 4500
003 OSt
005 20221005121505.0
006 a|||||r|||| 00| 0
007 ta
008 221004b |||||||| |||| 00| 0 hin d
024 _a59608
037 _cTextual
040 _aCRL
_cCRL
_bhin
041 _2hin
_ahin
082 _aO152v, 33L6
100 _aMurthy M. S. Krishna Au.
_9630687
245 0 _aHindi sahitya
260 _c1976
650 _aHINDI LITERATURE
_923866
942 _hO152v, 33L6
_cTEXL
_2cc
999 _c1041302
_d1041302